Segmentación social de los hogares a la luz del censo 2000 /
Guardat en:
| Autor principal: | |
|---|---|
| Autor corporatiu: | |
| Format: | Actes de congresos |
| Etiquetes: |
Afegir etiqueta
Sense etiquetes, Sigues el primer a etiquetar aquest registre!
|
MARC
| LEADER | 00000 a a2200000 04500 | ||
|---|---|---|---|
| 001 | 44966 | ||
| 003 | |||
| 040 | |||
| 100 | |a García Santamaría, Cathalina | ||
| 245 | |a Segmentación social de los hogares a la luz del censo 2000 / |c Cathalina García Santamaría | ||
| 500 | |a Métódos de estratificación socioeconómica y familiar: Parte I | ||
| 711 | |a Simposio Costa Rica a la luz del Censo del 2000 (5-6 de agosto del 2000) | ||
| 773 | |g páginas 63-8 | ||
| 856 | |h ttp://populi.eest.ucr.ac.cr/correo electrónico ucgarcia@unimerri.com | ||
| 999 | |c 36213 |d 36213 | ||
